Quick Pick: Catholic Terms Quiz Stats

Quiz Updated Aug 30, 2016

Challenge
Share
Tweet
Embed
Score 0/12 Timer 01:30
5 Plays Today
% Correct
Disciple
88.3%
Saint
87.1%
Diocese
84.2%
Communion
83.8%
Habit
80.8%
Apse
79.6%
Sacrament
75.5%
Invocation
69.9%
Transubstantiation
67.6%
Catechism
65.3%
Canon
62.5%
Liturgy
60.7%

Today's Daily Dose

Missing Word
For Dummies Books

Word Ladder
Ariana Grande

Quick Pick
1970s Authors

On This Day
June 21st II

You're not logged in!

Compare scores with friends on all Sporcle quizzes.
Join for Free
OR
Log In

You Might Also Like...

Show Comments

Extras

Top Quizzes Today


Score Distribution

Your Account Isn't Verified!

In order to create a playlist on Sporcle, you need to verify the email address you used during registration. Go to your Sporcle Settings to finish the process.

Report this User

Report this user for behavior that violates our Community Guidelines.

Details: